Central Library OPAC University of Rajshahi

The insects : (Record no. 37305)

MARC details
000 -LEADER
fixed length control field 00814nam a2200277 a 4500
001 - CONTROL NUMBER
control field 37305
003 - CONTROL NUMBER IDENTIFIER
rucl marc code BD-RjUL
005 - DATE AND TIME OF LATEST TRANSACTION
control field 20211209052610.0
008 - FIXED-LENGTH DATA ELEMENTS--GENERAL INFORMATION
fixed length control field 141123r19731969enkab b 001 0 eng
020 ## - INTERNATIONAL STANDARD BOOK NUMBER
International Standard Book Number 0340163488
International Standard Book Number 034004988X
035 ## - SYSTEM CONTROL NUMBER
System control number (BD-RjUL)37408
040 ## - CATALOGING SOURCE
Original cataloging agency DLC
Transcribing agency DLC
Modifying agency DLC
-- BD-RjUL
Language of cataloging eng
041 ## - LANGUAGE CODE
Language code of text/sound track or separate title eng
082 00 - DEWEY DECIMAL CLASSIFICATION NUMBER
Classification number 595.701
Author mark and year CHI 1973
100 1# - MAIN ENTRY--PERSONAL NAME
Personal name Chapman, R. F.
Fuller form of name (Reginald Frederick)
9 (RLIN) 114326
245 14 - TITLE STATEMENT
Title The insects :
Remainder of title structure and function /
Statement of responsibility, etc. [by] R. F. Chapman.
260 ## - PUBLICATION, DISTRIBUTION, ETC. (IMPRINT)
Place of publication, distribution, etc. London :
Name of publisher, distributor, etc. English Universities P.,
Date of publication, distribution, etc. 1969 [reprint 1973].
300 ## - PHYSICAL DESCRIPTION
Pagination xii, 819 p. :
Illustrations ill. ;
Size 26 cm.
490 0# - SERIES STATEMENT
Series statement Biological science texts
504 ## - BIBLIOGRAPHY, ETC. NOTE
Bibliography, etc Bibliography and index
650 #0 - SUBJECT ADDED ENTRY--TOPICAL TERM
Topical term or geographic name as entry element Insects.
9 (RLIN) 114168
942 ## - ADDED ENTRY ELEMENTS (KOHA)
Source of classification or shelving scheme Dewey Decimal Classification
Koha item type Books
Holdings
Lost status Source of classification or shelving scheme Damaged status Not for loan Collection code Permanent Location Current Location Shelving location Date acquired Source of acquisition Total Checkouts Full call number Date last seen Copy number Koha item type
  Dewey Decimal Classification     Non-fiction Central Library, University of Rajshahi Central Library, University of Rajshahi   23/11/2014 british council   595.701 CHI 1973 30/10/2019 C-2 Books